Mokslas - Lietuvos ateitis

Detalles Bibliográficos
Autor Corporativo: Vilniaus Gedimino technikos universitetas
Formato: Electrónico Revista
Lenguaje:lituano
Publicado: Vilnius : Vilnius Gediminas Technical University
Materias:
Acceso en línea:Full text available from Research Library: 01/01/2009 to present

MARC

LEADER 00000nas a2200000 a 4500
001 ssj0000502085
003 WaSeSS
005 20200512172242.0
006 m d
007 cr n
008 100903c20099999li br p s 0 0lit c
010 |a  2012252271 
022 |a 2029-2341  |l 2029-2252 
035 |a (WaSeSS)ssj0000502085 
040 |a AU@  |b eng  |e pn  |c AU@  |d OCLCQ  |d WAU  |d OCLCQ  |d CUS  |d OCLCF  |d OCLCQ  |d IUL  |d WaSeSS 
041 0 |a lit  |b eng 
042 |a pcc 
043 |a e-li--- 
050 1 4 |a Q60.8 
210 1 |a Moksl. Liet. ateitis  |b (Online) 
222 0 |a Mokslas - Lietuvos ateitis  |b (Online) 
245 0 0 |a Mokslas - Lietuvos ateitis  |h [electronic resource]. 
246 3 1 |a Science - future of Lithuania 
260 |a Vilnius :  |b Vilnius Gediminas Technical University 
310 |a Six issues per year 
362 1 |a Began with vol. 1, no. 1 (2009). 
500 |a Each issue also has a distinctive title. 
506 |a License restrictions may limit access. 
546 |a In Lithuanian; summary or abstract in English. 
588 |a Description based on: Vol. 1, no. 1 2009; title from article PDF caption (publisher's Web site, viewed May 3, 2012). 
588 |a Latest issue consulted: Vol. 4, no. 1 (2012) (viewed May 3, 2012). 
650 0 |a Science  |v Periodicals. 
650 0 |a Science  |z Lithuania  |v Periodicals. 
650 7 |a Science.  |2 fast  |0 (OCoLC)fst01108176 
651 7 |a Lithuania.  |2 fast  |0 (OCoLC)fst01227863 
655 0 |a Electronic journals. 
710 2 |a Vilniaus Gedimino technikos universitetas. 
776 0 8 |i Print version:  |a Mokslas - Lietuvos ateitis  |x 2029-2341 
856 4 0 |z Full text available from Research Library: 01/01/2009 to present  |u https://search.proquest.com/publication/686354